Normal view
MARC view
Entry Topical Term
001 - CONTROL NUMBER
- control field: 998
003 - CONTROL NUMBER IDENTIFIER
- control field: PK-LaUMT
005 - DATE AND TIME OF LATEST TRANSACTION
- control field: 20240724120032.0
008 - FIXED-LENGTH DATA ELEMENTS
- fixed length control field: 240724|| aca||aabn | a|a d
040 ## - CATALOGING SOURCE
- Original cataloging agency: PK-LaUMT
- Transcribing agency: PK-LaUMT
150 ## - HEADING--TOPICAL TERM
- Topical term or geographic name as entry element: Substance abuse-Treatment
670 ## - SOURCE DATA FOUND
- Source citation: Work cat.: (PK-LaUMT)86059: Back, Sudie E. 997, Concurrent treatment of PTSD and substance use disorders using prolonged exposure (COPE) :, 2015
